| 000 | 00906cam a2200301Mi 4500 | ||
|---|---|---|---|
| 999 |
_c20706 _d20706 |
||
| 001 | ocn440737165 | ||
| 003 | OCoLC | ||
| 005 | 20220304140611.0 | ||
| 008 | 010110s1997 nyua f p 000 0 eng d | ||
| 020 | _a0070113378 | ||
| 020 | _a9780070113374 | ||
| 020 |
_a0071140050 _q(student ed.) |
||
| 020 |
_a9780071140058 _q(student ed.) |
||
| 029 | 0 |
_aSILIS _b67003 |
|
| 035 | _a(OCoLC)440737165 | ||
| 040 |
_aSCLJ _bslv _eppiak _cSILIS _dOCLCQ |
||
| 080 | _a547 | ||
| 100 | 1 |
_aAtkins, Robert C. _4aut _919019 |
|
| 245 | 1 | 0 |
_aOrganic chemistry: a brief course / _cRobert C. Atkins, Francis A. Carey. |
| 250 | _a2nd ed. | ||
| 260 |
_aNew York : _bMcGraw-Hill, _c1997. |
||
| 300 |
_aXXIV, 524, A-25, G-16, I-15 str. : _bilustr. ; _c26 cm |
||
| 504 | _aKazala. | ||
| 653 | 0 | _aorganska kemija | |
| 700 | 1 |
_aCarey, Francis A. _4aut _919020 |
|
| 942 | _cBK | ||
| 948 | _hNO HOLDINGS IN GHUCC - 1 OTHER HOLDINGS | ||